Giàu có hạnh phúc không chỉ qua trường học = If you want to be rich & happy don't go to school ?

Chỉ ra một vài khiếm khuyết của nền giáo dục. Đưa ra những kỹ năng và nguyên lý, những bí quyết, kinh nghiệm bổ ích giúp bạn giàu có và hạnh phúc, an nhàn trong điều kiện có nhiều biến động trên nhiều lĩnh vực như hiện nay...

Descrizione completa

Salvato in:
Dettagli Bibliografici
Autore principale: Kiyosaki, Robert T.
Natura: Libro
Lingua:Undetermined
Pubblicazione: Thành phố Hồ Chí Minh Trẻ 2005
Soggetti:
Tags: Aggiungi Tag
Nessun Tag, puoi essere il primo ad aggiungerne! !
Thư viện lưu trữ: Trung tâm Học liệu Trường Đại học Cần Thơ
LEADER 01042nam a2200217Ia 4500
001 CTU_101481
008 210402s9999 xx 000 0 und d
020 |c 20000 
082 |a 150.1 
082 |b K62 
100 |a Kiyosaki, Robert T. 
245 0 |a Giàu có hạnh phúc không chỉ qua trường học = 
245 0 |b If you want to be rich & happy don't go to school ? 
245 0 |c Robert T. Kiyosaki, Hal Zina Bennett; biên dịch Hương Lan 
260 |a Thành phố Hồ Chí Minh 
260 |b Trẻ 
260 |c 2005 
520 |a Chỉ ra một vài khiếm khuyết của nền giáo dục. Đưa ra những kỹ năng và nguyên lý, những bí quyết, kinh nghiệm bổ ích giúp bạn giàu có và hạnh phúc, an nhàn trong điều kiện có nhiều biến động trên nhiều lĩnh vực như hiện nay 
650 |a Education,Psychology , applied 
904 |i Vương 
980 |a Trung tâm Học liệu Trường Đại học Cần Thơ